书目信息 |
| 题名: |
放射性废气中碘的净化和监测
|
|
| 作者: | 李启东 译 | |
| 分册: | ||
| 出版信息: | 原子能 1986.10 |
|
| 页数: | 462页 | |
| 开本: | 32开 | |
| 丛书名: | ||
| 单 册: | ||
| 中图分类: | X51 | |
| 科图分类: | ||
| 主题词: | 空气 , 空气污染 , 空气污染--污染防治 | |
| 电子资源: | ||
| ISBN: | ||
| 000 | 00605nam0 2200217 45 | |
| 001 | 0006140913 | |
| 005 | 20000614091745.0 | |
| 010 | @d2.95元 | |
| 100 | @a20000614d1986 km y0chiy0120 ea | |
| 101 | 0 | @achi |
| 105 | @a z 000yy | |
| 200 | 1 | @a放射性废气中碘的净化和监测@AFang She Xing Fei Qi Zhong Dian De Jing Hua He Jian Ce@f李启东等译@FLi Qi Dong Deng Yi |
| 210 | @a原子能@d1986.10 | |
| 215 | @a462页@d32开 | |
| 606 | 0 | @a空气 |
| 606 | 0 | @a空气污染 |
| 606 | 0 | @a空气污染@x污染防治 |
| 690 | @aX51@v3 | |
| 701 | 0 | @a李启东@4译 |
| 801 | @aCN@bPftUser@c20000614 | |
| 905 | @b204542-543@dX51@eL198@f2 | |
| 放射性废气中碘的净化和监测/李启东等译.-原子能,1986.10 |
| 462页;32开 |
| ISBN :2.95元 |
| ● |
| 相关链接 |
|
|
|
正题名:放射性废气中碘的净化和监测
索取号:X51/L198
 
预约/预借
| 序号 | 登录号 | 条形码 | 馆藏地/架位号 | 状态 | 备注 |
| 1 | 204542 | 202045429 | 自科库501/501自科库 68排6列2层/ [索取号:X51/L198] | 在馆 | |
| 2 | 204543 | 202045438 | 自科库501/501自科库 68排6列2层/ [索取号:X51/L198] | 在馆 |